00548nam a2200169 i 4500001000300000100002600003245008000029260002100109040000800130041000800138080000800146942000700154008004100161999001700202856009800219952006100317bg1 aBARTOSIEWICZ, Józef 0aObróbka i montaż części maszyn :bporadnik /cJózef Bartosiewicz. aWarszawa,c1985. cBPK apol a621 cKS s pl f |000 0 pol  c28448d28448 uhttp://koha.tu.koszalin.pl/cgi-bin/koha/opac-detail.pl?biblionumber=28448yKatalog online BPK 00104070aBPKbBPKcwo32976p01352702s2015-01-14yKS